000 00501nam a2200157 i 4500
001 25203
003 ES-MaACL
005 20230906153218.0
007 t|
008 021220s1917 sp ||||1| spa d
100 1 _aArgamasilla de la Cerda, Joaquín.
_922674
245 1 3 _aLa explosión de la mentira
_b: un aspecto de la guerra actual /
_cJoaquín Argamasilla de la Cerda.
260 _aMadrid :
_b[s.n.,
_c1917] (
_fSan Francisco de Sales)
300 _a258 p. ;
_c20 cm.
852 _aES-MaACL
_jF-5082
999 _c25203
_d25203